Juventud y psicoanálisis. Aproximaciones al ser y a la palabra /

Salvato in:
Dettagli Bibliografici
Autore principale: Zarco Neri, Miguel Angel
Natura: testo
Soggetti:
Tags: Aggiungi Tag
Nessun Tag, puoi essere il primo ad aggiungerne!!

MARC

LEADER 00000 a a2200000 04500
001 8965
003
040
100 |a Zarco Neri, Miguel Angel  
245 |a Juventud y psicoanálisis. Aproximaciones al ser y a la palabra /  |c Miguel Angel Zarco Neri  
650 |a JUVENTUD  
650 |a ASPECTOS PSICOLOGICOS  
650 |a PSICOLOGIA  
650 |a FILOSOFIA  
773 |g volumen 1, número 4; páginas 82-91  
999 |c 33214  |d 33214